Segunda Conferencia Regional de Hospitales /
El documento consiste la memoria de la segunda Conferencia Regional de Hospitales, llevada a cabo del 1-6 de Diciembre de 1968, en San José, Costa Rica.
Uloženo v:
| Korporativní autor: | |
|---|---|
| Médium: | Text |
| Jazyk: | Spanish |
| Vydáno: |
Costa Rica :
A.C.H.
1968
|
| Témata: | |
| Tagy: |
Přidat tag
Žádné tagy, Buďte první, kdo vytvoří štítek k tomuto záznamu!
|
MARC
| LEADER | 00000 a a2200000 04500 | ||
|---|---|---|---|
| 001 | 17840 | ||
| 003 | cru CIDCACS/IIS | ||
| 005 | 20230522115510.0 | ||
| 008 | 181112e1968 cr ||||| |||| 00| 0 spa d | ||
| 040 | |c cru CIDCACS/IIS | ||
| 090 | |a 02.05.02 A837s | ||
| 110 | |a Asociación Costarricenses de Hospitales | ||
| 245 | |a Segunda Conferencia Regional de Hospitales / |c Asociación Costarricenses de Hospitales | ||
| 260 | |a Costa Rica : |b A.C.H. |c 1968 | ||
| 300 | |a 290 páginas | ||
| 520 | |a El documento consiste la memoria de la segunda Conferencia Regional de Hospitales, llevada a cabo del 1-6 de Diciembre de 1968, en San José, Costa Rica. | ||
| 650 | 0 | |9 2589 |a CONFERENCIAS | |
| 650 | 0 | |9 2417 |a HOSPITALES | |
| 650 | 4 | |9 1845 |a SEGURIDAD SOCIAL | |
| 651 | 0 | |9 32 |a COSTA RICA | |
| 942 | |2 ddc |c LI |h 02.05.02 A837s |i 05557 |6 020502_A837S_05557 | ||
| 999 | |c 9024 |d 9024 | ||
